Statistics for Name That Musician #2

Click here to take the quiz!

General Stats

  • This quiz has been taken 36 times
  • The average score is 8 of 16

Answer Stats

HintAnswer% Correct
Hotel CaliforniaThe Eagles
81%
WonderwallOasis
78%
Fortunate SonCreedence Clearwater Revival
69%
ThunderstruckAC/DC
58%
All About the BassMegan Trainor
58%
Fur EliseBeethoven
56%
More than a FeelingBoston
50%
PanamaVan Halen
47%
Wayward SonKansas
42%
Tom SawyerRush
42%
LevitatingDua Lipa
39%
Fly Like an EagleSteve Miller Band
36%
American GirlTom Petty
33%
Little WingJimi Hendrix
28%
CrossroadsCream
22%
Kings and QueensAva Max
17%

Score Distribution

Percentile by Number Answered

Percent of People with Each Score

Your Score History

You have not taken this quiz